000 00583cab a2200205 4500
001 ABS51210
008 090401t1994 xxu||||| |||| 00| 0 eng d
035 _a(Sirsi) u15030
041 _aeng
245 _aDesign and build - by an architect
260 _c1994
350 _a0
490 _aArchitects` Journal
_v200(8) 25 August 1994, 39-47(8)
520 _aTimber-framed family house designed and built by the architect Jon Broome.
650 _aCOSTS
650 _aTIMBER-FRAMED HOUSES
690 _aBUILDING AND CONSTRUCTION-PROJECTS
942 _n0
948 _c04/03/1997
999 _c9814
_d9814